Missing Word: Three Letter Literature A-Z Quiz Stats

 Plays Quiz Updated Jul 29, 2016

Challenge
Share
Tweet
Embed
Score 0/24 Timer 03:00
0 Plays Today
Hint Answer % Correct
Never ____ Me GoLet
98.5%
Brave ____ WorldNew
98.1%
A Tale of ____ CitiesTwo
98.1%
As ____ Like ItYou
97.8%
____ Whom the Bell TollsFor
97.6%
The Catcher in the ____Rye
97.5%
The ____ Man and the SeaOld
97.1%
____ QuixoteDon
97.1%
Cat on a ____ Tin RoofHot
96.2%
Invisible ____Man
95.1%
Fire and ____Ice
95.1%
A Raisin in the ____Sun
89.6%
Hint Answer % Correct
The ____ Luck ClubJoy
87.6%
The ____ of WarArt
83.4%
Ode on a Grecian ____Urn
82.4%
____ and the Art of Motorcycle MaintenanceZen
78%
The ____ and the PendulumPit
77.3%
The Bluest ____Eye
76.4%
____ VadisQuo
72.9%
____, the Beloved CountryCry
65.2%
The ____ to RebeccaKey
62.5%
____ CantoBel
58.2%
The ____ of Small ThingsGod
54.7%
The Brief Wondrous Life of Oscar ____Wao
22.5%

Today's Daily Dose

Missing Word
No Snow!

Word Ladder
Wild Cats

On This Day
December 16th II

You're not logged in!

Compare scores with friends on all Sporcle quizzes.
OR
Log In

You Might Also Like...

Show Comments

Extras

Top Quizzes Today


Score Distribution

Your Account Isn't Verified!

In order to create a playlist on Sporcle, you need to verify the email address you used during registration. Go to your Sporcle Settings to finish the process.

Report this User

Report this user for behavior that violates our Community Guidelines.

Details: